Indian journal of Geo-marine sciences. (Record no. 53751)

MARC details
000 -LEADER
fixed length control field 02627nas a22005777a 4500
005 - DATE AND TIME OF LATEST TRANSACTION
control field 20110712094817.0
006 - FIXED-LENGTH DATA ELEMENTS--ADDITIONAL MATERIAL CHARACTERISTICS--GENERAL INFORMATION
fixed length control field a|||||r|||||00| 0
007 - PHYSICAL DESCRIPTION FIXED FIELD--GENERAL INFORMATION
fixed length control field ta
008 - FIXED-LENGTH DATA ELEMENTS--GENERAL INFORMATION
fixed length control field 751101c19722010ii qr p| 00| 0 eng
010 ## - LIBRARY OF CONGRESS CONTROL NUMBER
LC control number 73901397
015 ## - NATIONAL BIBLIOGRAPHY NUMBER
National bibliography number 011038217
Source dnb
016 7# - NATIONAL BIBLIOGRAPHIC AGENCY CONTROL NUMBER
Record control number 9882985
Source DNLM
016 7# - NATIONAL BIBLIOGRAPHIC AGENCY CONTROL NUMBER
Record control number SR0060467
Source DNLM
016 7# - NATIONAL BIBLIOGRAPHIC AGENCY CONTROL NUMBER
Record control number 188586--8
Source DE-600
022 ## - INTERNATIONAL STANDARD SERIAL NUMBER
International Standard Serial Number 0379-5136
025 ## - OVERSEAS ACQUISITION NUMBER
Overseas acquisition number I-E-E-2891
030 ## - CODEN DESIGNATION
CODEN IJMNBF
035 ## - SYSTEM CONTROL NUMBER
System control number (OCoLC)ocm01771499
040 ## - CATALOGING SOURCE
Original cataloging agency DLC
Language of cataloging eng
Transcribing agency MnMULS
Modifying agency NIC
-- DLC
-- OCoLC
-- AIP
-- DNAL
-- NST
-- DNLM
-- OCoLC
-- WaU
-- CU-S
-- OCoLC
-- HEBIS
-- GBVCP
-- OCoLC
-- TxCM
-- OCoLC
042 ## - AUTHENTICATION CODE
Authentication code pcc
043 ## - GEOGRAPHIC AREA CODE
Geographic area code a-ii---
050 00 - LIBRARY OF CONGRESS CALL NUMBER
Classification number GC721
Item number .I48
082 04 - DEWEY DECIMAL CLASSIFICATION NUMBER
Classification number 551.4605
210 0# - ABBREVIATED TITLE
Abbreviated title Indian j. mar. sci.
222 #0 - KEY TITLE
Key title Indian journal of marine sciences
245 00 - TITLE STATEMENT
Title Indian journal of Geo-marine sciences.
246 3# - VARYING FORM OF TITLE
Title proper/short title IJMS
260 ## - PUBLICATION, DISTRIBUTION, ETC. (IMPRINT)
Place of publication, distribution, etc New Delhi :
Name of publisher, distributor, etc Council of Scientific & Industrial Research,
Date of publication, distribution, etc [1972]-c2010.
300 ## - PHYSICAL DESCRIPTION
Extent 39 v. :
Other physical details ill. ;
Dimensions 30 cm.
310 ## - CURRENT PUBLICATION FREQUENCY
Current publication frequency Bimonthly
362 1# - DATES OF PUBLICATION AND/OR SEQUENTIAL DESIGNATION
Dates of publication and/or sequential designation Began with: Vol. 1, no. 1 (June 1972); ceased with: vol. 39, no. 2 (June 2010).
510 2# - CITATION/REFERENCES NOTE
Name of source Chemical abstracts
International Standard Serial Number 0009-2258
550 ## - ISSUING BODY NOTE
Issuing body note Vols. for <June 1976-> published by the Council of Scientific and Industrial Research in association with the Indian National Science Academy; vols. for <Mar. 2006>-June 2010 published by National Institute of Science Communication and Information Resources, CSIR.
590 ## - LOCAL NOTE (RLIN)
Local note SERBIB/SERLOC merged record
650 #0 - SUBJECT ADDED ENTRY--TOPICAL TERM
Topical term or geographic name as entry element Oceanography
Geographic subdivision Indian Ocean
Form subdivision Periodicals.
9 (RLIN) 29467
650 #0 - SUBJECT ADDED ENTRY--TOPICAL TERM
Topical term or geographic name as entry element Marine biology
Geographic subdivision Indian Ocean
Form subdivision Periodicals.
9 (RLIN) 29468
650 #0 - SUBJECT ADDED ENTRY--TOPICAL TERM
Topical term or geographic name as entry element Marine resources
Geographic subdivision Indian Ocean
Form subdivision Periodicals.
9 (RLIN) 29469
650 #0 - SUBJECT ADDED ENTRY--TOPICAL TERM
Topical term or geographic name as entry element Marine sciences
Geographic subdivision Indian Ocean
Form subdivision Periodicals.
9 (RLIN) 29470
710 2# - ADDED ENTRY--CORPORATE NAME
Corporate name or jurisdiction name as entry element Council of Scientific & Industrial Research (India)
9 (RLIN) 29471
710 2# - ADDED ENTRY--CORPORATE NAME
Corporate name or jurisdiction name as entry element Indian National Science Academy.
9 (RLIN) 29472
710 2# - ADDED ENTRY--CORPORATE NAME
Corporate name or jurisdiction name as entry element National Institute of Science Communication and Information Resources (New Delhi, India)
9 (RLIN) 29473
776 08 - ADDITIONAL PHYSICAL FORM ENTRY
Display text Online version:
Title Indian journal of marine sciences
International Standard Serial Number 0975-1033
Record control number (DLC) 2011263127
-- (OCoLC)679386365
785 00 - SUCCEEDING ENTRY
Title Indian journal of (geo) marine sciences
Record control number (DLC) 2011263134
-- (OCoLC)707955452
270 ## - ADDRESS
Address NISCAIR, CSIR, KS Krishanan Marg, PUSA
City New Delhi
Postal code 110012
Telephone number 25841781
Fax number 25847062
Electronic mail address ijms@niscair.res.in, ijmscsir@gmail.com
906 ## - LOCAL DATA ELEMENT F, LDF (RLIN)
a 7
b cbc
c serials
d 4
e ncip
f 19
g n-oclcserc
936 ## - OCLC/CONSER MISCELLANEOUS DATA (OCLC); PIECE USED FOR CATALOGING (pre-AACR2) (RLIN)
OCLC control number(s) of parallel record(s) (OCLC); Piece used for cataloging, PUC (RLIN) AACR2=TXA
942 ## - ADDED ENTRY ELEMENTS (KOHA)
Source of classification or shelving scheme Dewey Decimal Classification
Item type Periodicals
Classification part 551.4605
Call number suffix IND
Serial record 1
Holdings
Withdrawn status Lost status Source of classification or shelving scheme Damaged status Not for loan Home library Current library Date acquired Total Checkouts Full call number Date last seen Price effective from Koha item type
    Dewey Decimal Classification   Not For Loan D.B.Act.Division D.B.Act.Division 12/07/2011   551.4605 IND 12/07/2011 12/07/2011 Periodicals

© Delhi Public Library
Hit Counter
free hit counter